000 00537nam a2200205Ia 4500
005 20250425161540.0
008 250425s9999 xx 000 0 und d
041 _aeng
082 _a666.72
100 _aRUH, EDWIN
245 0 _aREFRACTORIES FOR THE CHEMICAL PROCESS INDUSTRIES: SUPPLEMENT APPLICABLE ASTM STANDARDS
250 _a1ST ED.
260 _aEstados Unidos
_bMTI
_c1984
260 _aOHIO CITY
300 _a392
650 _aPROCESOS INDUSTRIALES
650 _aPROCESOS QUIMICOS
942 _c01
010 _a22782
999 _c211392
_d211392